En nombre del recuerdo : (Registro nro. 8102)

Detalles MARC
000 -LEADER
fixed length control field 00876nam a2200277 a 4500
001 - CONTROL NUMBER
control field 000037767
003 - CONTROL NUMBER IDENTIFIER
control field DO-SdBNP
005 - DATE AND TIME OF LATEST TRANSACTION
control field 20171003124407.0
007 - PHYSICAL DESCRIPTION FIXED FIELD--GENERAL INFORMATION
fixed length control field 000037767
008 - FIXED-LENGTH DATA ELEMENTS--GENERAL INFORMATION
fixed length control field 130305s2012 dr 001 e spa d
020 ## - INTERNATIONAL STANDARD BOOK NUMBER
International Standard Book Number 9789945472097
040 ## - CATALOGING SOURCE
Original cataloging agency BPMSU
Language of cataloging spa
Transcribing agency BPMSU
082 #4 - DEWEY DECIMAL CLASSIFICATION NUMBER
Classification number RD864.44
Item number V443e
092 ## - LOCALLY ASSIGNED DEWEY CALL NUMBER (OCLC)
Item number
100 1# - MAIN ENTRY--PERSONAL NAME
Personal name Veloz Maggiolo, Marcio,
Dates associated with a name 1936-
245 10 - TITLE STATEMENT
Title En nombre del recuerdo :
Remainder of title ensayos /
Statement of responsibility, etc. Marcio Veloz Maggiolo.
260 ## - PUBLICATION, DISTRIBUTION, ETC. (IMPRINT)
Place of publication, distribution, etc. Santo Domingo :
Name of publisher, distributor, etc. Instituto Tecnológico de Santo Domingo,
Date of publication, distribution, etc. 2012.
300 ## - PHYSICAL DESCRIPTION
Extent 367 p. ;
Dimensions 22 cm.
500 ## - GENERAL NOTE
General note Incluye datos biográficos del autor en la solapa de la contracubierta.
650 #4 - SUBJECT ADDED ENTRY--TOPICAL TERM
Topical term or geographic name as entry element ENSAYOS DOMINICANOS
650 #4 - SUBJECT ADDED ENTRY--TOPICAL TERM
Topical term or geographic name as entry element LITERATURA DOMINICANA
910 ## - USER-OPTION DATA (OCLC)
User-option data Validado. Control de calidad EMS
942 ## - ADDED ENTRY ELEMENTS (KOHA)
Source of classification or shelving scheme Dewey Decimal Classification
Koha item type Libros
945 ## - LOCAL PROCESSING INFORMATION (OCLC)
a Inventariado / 2017 VM
956 ## - LOCAL ELECTRONIC LOCATION AND ACCESS (OCLC)
Host name VMATEO
Access number 10
Compression information 20150806
Logon BPMSU
Processor of request 00151
Existencias
Withdrawn status Lost status Source of classification or shelving scheme Damaged status Not for loan Collection code Home library Current library Date acquired Source of acquisition Total Checkouts Full call number Barcode Date last seen Price effective from Koha item type Copy number
    Dewey Decimal Classification     Colección Dominicana Biblioteca Pública Metropolitana Salomé Ureña Biblioteca Pública Metropolitana Salomé Ureña 08/06/2015 Donado por INTEC   RD864.44 V443e BPMSU15080132 08/06/2015 08/06/2015 Libros  
    Dewey Decimal Classification     Colección Dominicana Biblioteca Pública Metropolitana Salomé Ureña Biblioteca Pública Metropolitana Salomé Ureña 08/06/2015 INTEC   RD864.44 V443e BPMSU15080133 08/06/2015 08/06/2015 Libros e. 2